01239nam a2200325 a 4500001001200000003000800012006001900020007001500039008004100054010001700095020004000112020001800152020002400170020002700194040002100221035002100242050002700263100002300290245009200313260005700405300002300462500002000485533015200505630002600657650002700683650003100710655002900741710001700770856012600787ebr10456299CaPaEBRm u cr cn|||||||||101201s2012 maua s 001 0 eng d z 2010942057 z1435458508 (softcover : alk. paper) z9781435458505 z1435458516 (e-ISBN) z9781435458512 (e-book) aCaPaEBRcCaPaEBR a(OCoLC)74151793214aML74.4.S66bG37 2012eb1 aGarrigus, Scott R.10aSonar X1 power!h[electronic resource] :bthe comprehensive guide /cScott R. Garrigus. aBoston :bCourse Technology/Cengage Learning,c2012. axx, 506 p. :bill. aIncludes index. aElectronic reproduction.bPalo Alto, Calif. :cebrary,d2011.nAvailable via World Wide Web.nAccess may be limited to ebrary affiliated libraries.00aSonar (Computer file) 0aDigital audio editors. 0aComputer sound processing. 7aElectronic books.2local2 aebrary, Inc.40uhttp://site.ebrary.com/lib/rucke/Doc?id=10456299zAn electronic book accessible through the World Wide Web; click to view